Département-Le Doubs - Statistiques

Statistiques générales
  • Ce quiz a été pris 80 fois
  • Le résultat moyen est 14 sur 20
Statistiques - réponses
Hint Réponse % Correct
Numéro départemental du Doubs 25
99%
Chef lieu du Doubs Besançon
99%
Région dans laquelle se trouve ce département Bourgogne-Franche-Comté
96%
Pays limitrophe Suisse
96%
Département français limitrophe Jura
94%
Grand écrivain du XIXème siècle né dans cette ville Victor Hugo
91%
Département français limitrophe Haute-Saône
90%
Département français limitrophe Territoire de Belfort
90%
Combien de lettres se prononcent dans le nom du département 3 lettres
88%
Fromage bénéficiant d'une AOC depuis 1958 et d'une AOP depuis 1996 dont l'aire de production s'étend dans les départements du Jura, du Doubs, et dans l'est de l'Ain Comté
88%
Deuxième plus grande ville du département Montbéliard
88%
Point culminant du Doubs Le Mont d’Or
80%
Dans quelle rivière le Doubs se jette ? La Saône
77%
Quel produit tire son nom de ce sommet du massif du Jura ? Un fromage
62%
Le Doubs abrite le neuvième plus vaste lac naturel de France métropolitaine. Comment s’appelle-t-il ? Le lac de Saint-Point
55%
Surnom des joueurs du Football Club Sochaux-Montbéliard Les Lionceaux
39%
Après quel événement historique le département du Doubs a été créé La révolution française
30%
Qui est l’architecte ayant construit la Sallines d’Arc et Senans? Claude Nicolas Ledoux
28%
Quelle est la signification du mot celte dub, à l'origine du nom de la rivière Doubs ? Noir
13%
Athlète française originaire du Doubs ayant terminé 4e au 3000m steeple des jeux olympiques de Paris 2024 Alice Finot
4%
Aucun quiz correspondant
Distribution des résultats
% des personnes avec chaque résultat
Percentile par nombre de réponses
Votre historique - résultats
Vous n’avez pas pris ce quiz